| 000 | 00909nam a2200277 a 4500 | ||
|---|---|---|---|
| 001 | BRL_1118 | ||
| 005 | 20190320211037.0 | ||
| 008 | 131113s1977----mx-ab#####---#000-0#spa-# | ||
| 041 | _aspa | ||
| 044 | _amx | ||
| 050 | 4 |
_aF1219.1.M53 _b.G53 1977 |
|
| 100 | 1 |
_aGibson, Charles _925837 |
|
| 245 | 1 | 0 |
_aLos aztecas bajo el dominio español, 1519-1810 _cpor Charles Gibson ; traducción de Julieta Campos. |
| 250 | _a3a ed. | ||
| 260 |
_aMéxico _bSiglo xxi editores _c1977 |
||
| 300 |
_a533 p. _bil., mapas _c23 cm. |
||
| 500 | _aAu1295 | ||
| 500 | _aIncluye índice analítico | ||
| 504 | _aBibliografía: p. 481-510 | ||
| 650 | 1 | 4 |
_aIndígenas de México _zMéxico, Valle de _925838 |
| 651 | 4 |
_aEspaña _xColonias - Administración _zAmérica _925839 |
|
| 651 | 4 |
_aMéxico _xHistoria _yDominación española, 1517-1821 _925840 |
|
| 700 | 1 |
_aCampos, Julieta _etr. _925841 |
|
| 902 | _aGRL | ||
| 942 |
_2lcc _cB |
||
| 999 |
_c9930 _d9930 |
||